Kepatuhan editorial penerbit DBP dan UP&D Sdn. Bhd., terhadap dasar penerbitan buku teks /
Saved in:
| Main Author: | |
|---|---|
| Format: | Thesis Book |
| Language: | Malay |
| Published: |
2004.
|
| Subjects: | |
| Tags: |
Add Tag
No Tags, Be the first to tag this record!
|
| LEADER | 01281cam a2200325 a 4500 | ||
|---|---|---|---|
| 001 | u524477 | ||
| 003 | SIRSI | ||
| 008 | 040702s2004 my a t 00 10 may m | ||
| 035 | |a ADB-7376 | ||
| 040 | |a UMM | ||
| 043 | |a a-my--- | ||
| 090 | |a Z278 |b UM 2004 Rusa | ||
| 100 | 0 | 0 | |a Ruslan Abdullah. |
| 245 | 1 | 0 | |a Kepatuhan editorial penerbit DBP dan UP&D Sdn. Bhd., terhadap dasar penerbitan buku teks / |c Ruslan bin Abdullah. |
| 260 | |c 2004. | ||
| 300 | |a xii, 207 leaves : |b ill. ; |c 30 cm. | ||
| 502 | |a Dissertation (M.Publish.Stud.) -- Jabatan Pengajian Media, Fakulti Sastera dan Sains Sosial, Universiti Malaya, 2004. | ||
| 504 | |a Bibliography: leaves 132-143. | ||
| 504 | |a Includes bibliographical footnotes. | ||
| 610 | 2 | 0 | |a Dewan Bahasa dan Pustaka |x Publishing. |
| 610 | 2 | 0 | |a Utusan Publications & Distributors |x Publishing |
| 650 | 0 | |a Editorials |z Malaysia. | |
| 650 | 0 | |a Publishers and publishing |z Malaysia. | |
| 650 | 0 | |a Textbooks |x Publishing |z Malaysia. | |
| 650 | 0 | |a Textbooks |x Government policy |z Malaysia. | |
| 710 | 2 | 0 | |a Universiti Malaya. |b Jabatan Pengajian Media. |
| 856 | |f IARC:A511966911 |z Click Here | ||
| 948 | |a 02/07/2004 |b 30/08/2004 | ||
| 596 | |a 1 | ||
| 999 | |a Z278 UM 2004 RUSA |w LC |c 1 |i A511563945 |d 4/6/2009 |e 4/6/2009 |l STACKS |m P01UTAMA |n 1 |r Y |s Y |t TESIS |u 3/9/2004 | ||
